A nehézipari műszaki egyetem közleményei. : 5. sorozat : társadalomtudományok /
Uložené v:
| Ďalší autori: | |
|---|---|
| Médium: | Kniha |
| Jazyk: | Hungarian |
| Vydané: |
Miskolc :
Nehézipari Műszaki Egyetem,
1990.
|
| Vydanie: | 1. kiad. |
| ISBN: |
(brož.) |
| Fyzický popis: |
195 s. |
| Tagy: |
Pridať tag
Žiadne tagy, Buďte prvý kto otaguje tento záznam!
|
Titul je dostupný aj v ... 

MARC
| LEADER | 00000nam a2200000 a 4500 | ||
|---|---|---|---|
| 001 | 000259321 | ||
| 005 | 20091120103131.0 | ||
| 008 | 060706s1990 hu e 000 0 huno | ||
| 020 | |a (brož.) | ||
| 040 | |a SVKKK |b slo |c SVKKK |e AACR2 | ||
| 041 | 0 | |a hun |b eng |b ger |b rus | |
| 044 | |a hu |c HU | ||
| 100 | 1 | |a Hársing, László |4 com | |
| 245 | 1 | 0 | |a A nehézipari műszaki egyetem közleményei. : |b 5. sorozat : társadalomtudományok / |c szerk. László Hársing. 31. kötet, 1.-3. füzet, A társadalmi - gazdasági megujulás aktuális kérdései - tanulmányok. |
| 246 | 3 | 0 | |a A társadalmi - gazdasági megujulás aktuális kérdései - tanulmányok |
| 250 | |a 1. kiad. | ||
| 260 | |a Miskolc : |b Nehézipari Műszaki Egyetem, |c 1990. | ||
| 300 | |a 195 s. | ||
| 504 | |a Resumé anglické, nemecké, ruské | ||
| 740 | 0 | 9 | |a 5. sorozat |
| 998 | |a BK | ||
| 090 | |g SCKHL |k Sklad Pribinova prízemie |a IV.157979 |j 819086 |i B51575 |s Absenčne | ||
| 090 | |g SCKHL |k Sklad Pribinova prízemie |a IV.157980 |j 819087 |i B51576 |s Absenčne | ||